1823 1147 1830 1287 1642 1399 1585 1839 1720 1202 1146 1396 1889 1325 1776 1032 1139 1007 1084 1122 1919 1725 1039 1478 1927 1953 1822 1705 1649 1184 1361 1023 1397 1469 1326 1207 1113 1748 1496 1913 1906 1495 1213 1439 1230 1287 1840 1090 1340 1718 1151 1911 1858 1417 1884 1776 1194 1517 1471 1270 1579 1292 1867 1655 1943 1874 1297 1357 1441 1508 1103 1114 1555 1705 1588 1728 1532 1586 1404 1606 1614 1440 1263 1066 1572 1029 1859 1972 1775 1441 1652 1529 1189 1582 1356 1940 1667 1881 1177 BCNSPRNW ULIB Ver.6.0+V

เปลี่ยนเป็นภาษาไทย

Change to English
 แสดงรายละเอียดบรรณานุกรม
  กลับหน้าหลัก

Brief Record : Get Marc (ISO 2709) : E-mail record : QR code < ปิดหน้าต่าง
LEADER : 00000nam 2200000uu 4500
001    13399126123
003     ULIB
008    180611s2016||||th 000 0 tha d
020    ^a9781438076256 (pbk. with MP3 CD)
050 00 ^aPE1128^bS532B
100 1  ^aSharpe, Pamela J.,^eauthor.
245 10 ^aBarron the Leader in Test Preparation TOEFL iBT /^bPamelaJ. Sharpe, Ph.D.
246 3  ^aBarron the Leader in Test Preparation
250    ^a15TH edition.
260    ^aNew York^bBarron Education Series, Inc^c2016
300    ^a847 pages :^billustrations ;^c28 cm ^e1MP3-CD(digital ; 4 3/4 in.)
650  0 ^aTest of English as a Foreign Language^vStudy guides.
650  0 ^aEnglish language^xExaminations^vStudy guides.
650  0 ^aEnglish language^vSound recordings for foreign speakers.
945    ^p1400^l0^i004214
945    ^p1400^l0^i004215
999    ^aวรรณษา ชูชัยมงคล
รายการนี้ยังไม่มีแท็ก
คุณยังไม่ได้ล็อกอิน คุณสามารถมีกิจกรรมร่วมกับเว็บไซต์ได้ แต่ต้องล็อกอินก่อน ::
  ล็อกอิน

รายการสื่อสารสนเทศ

ลำดับที่ ประเภท เลขเรียก/บาร์โค้ด สถานที่ สถานะ
1. วิทยาศาสตร์การแพทย์ และสุขภาพ
หนังสือสำรอง
สถานะ=หนังสือสำรอง
PE1128 S532B ฉ.1 
  Barcode: 004214
ห้องสมุดวิทยาเขตนครสวรรค์
►นวนิยาย:l:Fiction
บนชั้น
2. วิทยาศาสตร์การแพทย์ และสุขภาพ
วิทยาศาสตร์การแพทย์ และสุขภาพ
PE1128 S532B ฉ.2 
  Barcode: 004215
ห้องสมุดวิทยาเขตนครสวรรค์
►นวนิยาย:l:Fiction
บนชั้น

BibComment


ยังไม่เคยถูกคอมเมนท์

คอมเมนท์ทรัพยากรรายการนี้
  คอมเมนท์: Barron the Leade..


 Copyright 2026. Bcnsprnw @Library